Statistics for Nick Jonas Charting Songs (Billboard Hot 100)

Click here to take the quiz!

General Stats

  • This quiz has been taken 32 times
  • The average score is 5 of 8

Answer Stats

AlbumWeeks OnPeakArtist(s)Song% Correct
Last Year Was Complicated20 Weeks#14Nick Jonas & Tove LoClose
100%
Nick Jonas32 Weeks#7Nick JonasJealous
100%
Nick Jonas20 Weeks#13Nick JonasChains
86%
Camp Rock 2: The Final Jam1 Week#92Nick JonasIntroducing Me
52%
Nick Jonas X212 Weeks#44Nick JonasLevels
52%
Who I Am2 Weeks#73Nick Jonas & the AdministrationWho I Am
43%
Fifty Shades Darker1 Week#54Nick Jonas & Nicki MinajBom Bidi Bom
29%
Non-Album Single8 Weeks#75Sage the Gemini ft. Nick JonasGood Thing
29%

Score Distribution

Percentile by Number Answered

Percent of People with Each Score

Your Score History

You have not taken this quiz